00680nam a22001577a 4500020001600000082001200016100001700028245016700045260003700212300003200249650004700281700003700328942001300365999001900378952012500397 qHard Cover. a620.005 aArif, Bushra aAssessment of Strategic Implementation Parameters in a Banking Sector and development of a Motivation Approach to improve Change Management Process /cBushra Arif aIslamabad :bCEME - NUST,c2016. axix, 140 p. : ill. ;c30cm. aEngineering Management - MS-Thesis.916065 aDr. Tasweer Hussain Shah.916063 2ddccTHE c536969d536969 00102ddc406620_005000000000000709499986aCLbCLcTHEd2020-10-19l0o620.005pCL-T-623r2020-10-19w2020-10-19yTHE